The uses of argument
Saved in:
| Hovedforfatter: | |
|---|---|
| Format: | Bog |
| Sprog: | engelsk |
| Udgivet: |
Nueva York
Cambridge University Press
2003
|
| Udgivelse: | 1a. ed |
| Fag: | |
| Tags: |
Tilføj Tag
Ingen Tags, Vær først til at tagge denne postø!
|
MARC
| LEADER | 00000cam a2200000 a 4500 | ||
|---|---|---|---|
| 001 | UCC6818 | ||
| 003 | CL-VaPUC | ||
| 008 | 190111e20030000us |||||||||||||||||eng|d | ||
| 020 | |a 0521534836 | ||
| 082 | 0 | 4 | |a 168 |b TOU |2 21 |
| 100 | 0 | |a Toulmin, Stephen E |e author |9 601335 | |
| 245 | 1 | 4 | |a The uses of argument |
| 250 | |a 1a. ed | ||
| 300 | |a 247 p | ||
| 942 | |c BK | ||
| 945 | |d 20190111 14:04:00 |a dcastane | ||
| 260 | |a Nueva York |b Cambridge University Press |c 2003 | ||
| 650 | 0 | |a Lógica |9 256849 | |
| 650 | 0 | |a Argumentación jurídica |9 469614 | |
| 650 | 0 | |a Epistemología |9 264994 | |
| 650 | 0 | |a Razón |9 314475 | |
| 650 | 0 | |a Cognición |9 270347 | |
| 583 | |a last modification |c 20190111 14:04:00 |k Rodrigo Vera | ||
| 999 | |c 373668 |d 373666 | ||
| 952 | |0 0 |1 0 |3 erb |4 0 |6 168_000000000000000_TOU_2003 |7 0 |8 A |9 491864 |a BIBMAT |b BIBMAT |c E_DIDACT |i 5528585 |o 168 TOU 2003 |p 5528585 |r 2025-01-07 |w 2019-11-24 |y BK |z Catalogado en:20190111 |k MAT | ||